MARC

LEADER 00000nam0a2200000 4500
001 93616
005 20231031105254.0
035 |a (RuTPU)RU\TPU\book\100228 
090 |a 93616 
100 |a 20060330d1979 km y0rusy50 ca 
101 0 |a rus 
102 |a RU 
105 |a a z 001zy 
200 1 |a Очистка сточных вод и газовых выбросов в лакокрасочной промышленности  |f А. В. Сахарнов, И. П. Зеге 
205 |a 2-е изд., перераб. и доп. 
210 |a Москва  |c Химия  |d 1979 
215 |a 184 с.  |c ил. 
320 |a Библиогр.: с. 180-182. 
610 1 |a лакокрасочная промышленность 
610 1 |a сточные воды 
610 1 |a газовые выбросы 
610 1 |a очистка 
610 1 |a фенолоформальдегидные смолы 
610 1 |a мочевиноформальдегидные смолы 
610 1 |a меламиноформальдегидные смолы 
610 1 |a эпоксидные смолы 
610 1 |a эпоксидированные растительные масла 
610 1 |a алкидные смолы 
610 1 |a полиэфирные смолы 
610 1 |a низкомолекулярные полиамидные смолы 
610 1 |a пленкообразующие материалы 
610 1 |a полиуретановые материалы 
610 1 |a олифы 
610 1 |a техника безопасности 
675 |a 667.6  |v 3 
700 1 |a Сахарнов  |b А. В.  |g Александр Васильевич 
701 1 |a Зеге  |b И. П.  |g Инна Павловна 
801 1 |a RU  |b 63413507  |c 20060330  |g PSBO 
801 2 |a RU  |b 63413507  |c 20071102  |g PSBO 
942 |c BK